| 000 | 00605nam a2200229Ia 4500 | ||
|---|---|---|---|
| 003 | OSt | ||
| 005 | 20220928145723.0 | ||
| 006 | a|||||r|||| 00| 0 | ||
| 007 | ta | ||
| 008 | 220927b |||||||| |||| 00| 0 eng d | ||
| 024 | _a82576 | ||
| 037 | _cTextual | ||
| 040 |
_aSDCL _cSDCL _beng |
||
| 041 |
_2eng _aeng |
||
| 082 | _aXx3'M9, L1 | ||
| 100 |
_aBrien D P O Ed. _9514443 |
||
| 245 | 0 | _aPioneers of economics in Britain. | |
| 260 | _c1981 | ||
| 700 |
_a Presley John R Ed. _9514444 |
||
| 942 |
_hXx3'M9, L1 _cTEXL _2CC |
||
| 999 |
_c835221 _d835221 |
||